Hoch am wind im Pazifik; (Record no. 3466)

MARC details
000 -LEADER
fixed length control field 00787cam a22002291 4500
001 - CONTROL NUMBER
control field af 47006239
003 - CONTROL NUMBER IDENTIFIER
control field DLC
005 - DATE AND TIME OF LATEST TRANSACTION
control field 20260227110836.0
008 - FIXED-LENGTH DATA ELEMENTS--GENERAL INFORMATION
fixed length control field 790418s1944 gw acg 000 1 ger c
010 ## - LIBRARY OF CONGRESS CONTROL NUMBER
LC control number af 47006239
035 ## - SYSTEM CONTROL NUMBER
System control number (OCoLC)4869464
040 ## - CATALOGING SOURCE
Original cataloging agency Pennsylvania Univ. Libr.
Transcribing agency KyU
Modifying agency KyU
-- DLC
042 ## - AUTHENTICATION CODE
Authentication code premarc
050 00 - LIBRARY OF CONGRESS CALL NUMBER
Classification number PT2623.U43
Item number H6
082 ## - DEWEY DECIMAL CLASSIFICATION NUMBER
Classification number 833.91
100 1# - MAIN ENTRY--PERSONAL NAME
Personal name Lübke, Friedrich Wilhelm,
Dates associated with a name 1887-
245 10 - TITLE STATEMENT
Title Hoch am wind im Pazifik;
Remainder of title von stürmen, piraten, und sklavenjägern, von harten fäusten un tapferen herzen.
260 ## - PUBLICATION, DISTRIBUTION, ETC.
Place of publication, distribution, etc. [Rendsburg,
Name of publisher, distributor, etc. H. Möller söhne,
Date of publication, distribution, etc. 1944]
300 ## - PHYSICAL DESCRIPTION
Extent 251, [1] p., 1 l., [7] p.
Other physical details illus. (incl. port.)
Dimensions 21 cm.
500 ## - GENERAL NOTE
General note At head of title: Kapitän F. W. Lübke.
500 ## - GENERAL NOTE
General note "Shanties" (with music) : [7] p. at end.

No items available.

Powered by Koha